Código de Minería: edición oficial, aprobada por Decreto Nº 33, de 13 de Enero de 1993, del Ministerio de Justicia

Saved in:
Bibliographic Details
Format: Book
Language:Spanish
Published: Santiago Jurídica de Chile 1993
Edition:2a. ed
Subjects:
Tags: Add Tag
No Tags, Be the first to tag this record!

MARC

LEADER 00000nam a2200000 a 4500
001 UCV3544
003 CL-VaPUC
008 930826e19930000CL |||||||||||||||||spa|d
082 0 4 |a 343.83077  |b COD  |2 21 
245 1 0 |a Código de Minería: edición oficial, aprobada por Decreto Nº 33, de 13 de Enero de 1993, del Ministerio de Justicia 
250 |a 2a. ed 
300 |a 434 p 
942 |c BK 
945 |d 19930826 00:00:00  |a cmena 
260 |a Santiago  |b Jurídica de Chile  |c 1993 
650 0 |a Código de minería   |9 256729 
651 7 |a CHILE  |2 CL-VaPUC  |9 297781 
583 |a last modification  |c 20111020 11:16:03  |k Rodrigo Vera 
999 |c 210708  |d 210706 
952 |0 0  |1 0  |2 ddc  |4 0  |6 343_830770000000000_COD_1993  |7 0  |8 FOND_LRYV  |9 187150  |a BIBDER  |b BIBDER  |d 2019-11-14  |i 2548569  |o 343.83077 COD 1993  |p 2548569  |r 2023-01-25  |w 2019-11-14  |y BK_X  |k DER